Statistics for Animals, Birds, etc. on Scottish PFL Club Crests 2019-20

Click here to take the quiz!

General Stats

  • This quiz has been taken 45 times
    (16 since last reset)
  • The average score is 4 of 16

Answer Stats

No.Animals, Etc.CLUBS% Correct
22 SquirrelsKilmarnock
75%
1Stag's HeadRoss County
75%
1WaspAlloa Athletic
75%
1ElephantDumbarton
50%
1CodPeterhead
44%
1Golden EagleInverness Caledonian Thistle
25%
1Lion (red)Rangers
25%
1Lion (amber)Livingston
19%
32 Lions, CockerelAirdrieonians
13%
22-headed Eagle, LambSt. Johnstone
13%
2Bull's Head, Stag's HeadForfar Athletic
6%
1Lion (black)Dundee United
6%
1Dragon (red)Cowdenbeath
0%
1Dragon (red)Raith Rovers
0%
1Lion (red)Queen's Park
0%
1Winged DragonCove Rangers
0%

Score Distribution

Percentile by Number Answered

Percent of People with Each Score

Your Score History

You have not taken this quiz since the last reset